| 000 | 00661nam a2200205 4500 | ||
|---|---|---|---|
| 001 | 85622 | ||
| 003 | BD-RjUL | ||
| 005 | 20250902163116.0 | ||
| 008 | 240302s1951 p ||||| |||| 00| 0 urd d | ||
| 035 | _a(BD-RjUL)85622 | ||
| 040 |
_aBD-RjUL _beng _cBD-RjUL |
||
| 041 | _aurd | ||
| 082 |
_223 _a891.43909 _bMEH 1951 |
||
| 100 |
_aمDasnavi, Abdul Qavi _93816 |
||
| 245 |
_aمطالعہ غالب / matalaa -i G̲h̲ālib / _cمرزا جعفر علی خاں اثر لکھنوی;;; marza jafar ali khaan asar lakhanvi |
||
| 260 |
_aLakhnuw : _bDanis mahal, , _c1956 |
||
| 300 |
_a112 p. ; _c17 cm |
||
| 650 |
_a Urdu _vLiterature _93818 |
||
| 942 |
_2ddc _cBK |
||
| 999 |
_c85622 _d85622 |
||